LEADER 02020nam 2200445Ia 450 001 996385282803316 005 20200824132225.0 035 $a(CKB)4940000000074595 035 $a(EEBO)2240955669 035 $a(OCoLC)ocm12015587e 035 $a(OCoLC)12015587 035 $a(EXLCZ)994940000000074595 100 $a19850509d1693 uy | 101 0 $aeng 135 $aurbn||||a|bb| 200 12$aA journal of the late actions of the French at Canada$b[electronic resource] $ewith the manner of their being repuls'd by His Excellency, Benjamin Fletcher, Their Majesties governour of New-York /$fimpartially related by Coll. Nicholas Reyard [sic], and Lieutenant Coll. Charles Lodowick, who attended His Excellency during the whole expedition .. 210 $aLondon $cPrinted for Richard Baldwin ...$d1693 215 $a[4], 22 p 300 $a"Licensed Sept. 11th, 1693. Edward Cooke" 300 $aReproduction of original in Harvard University Libraries. 327 $a(from t.p.) I. An account of the present state and strength of Canada -- II. The examination of a French prisoner -- III. His Excellency Benajmin Fletcher's speech to the Indians -- IV. An address from the Corporation of Albany, to His Excellency. 330 $aeebo-0062 606 $aIroquois Indians$xGovernment relations 607 $aUnited States$xHistory$yKing William's War, 1689-1697 607 $aCanada$xHistory$yTo 1763 (New France) 607 $aNew York (State)$xHistory$yKing William's War, 1689-1697 615 0$aIroquois Indians$xGovernment relations. 700 $aBayard$b Nicholas$f1644-1707.$01013745 701 $aLodowick$b Charles$01013746 701 $aFletcher$b Benjamin$f1640-1703.$01001057 712 02$aNew York.$bGovernor (1692-1698 : Fletcher) 801 0$bEAA 801 1$bEAA 801 2$bm/c 801 2$bUMI 801 2$bWaOLN 906 $aBOOK 912 $a996385282803316 996 $aA journal of the late actions of the French at Canada$92358832 997 $aUNISA LEADER 01073nam a2200265 i 4500 001 991001895599707536 005 20230724083401.0 008 000303s1997 it ||| | ita 020 $a9788814057984 035 $ab11579882-39ule_inst 035 $aLE02727012 040 $aDip.to Studi Giuridici$bita 082 0 $a346.45066 084 $aCM-XV/A 245 13$aLa disciplina delle partecipazioni societarie nel settore assicurativo dopo le modifiche della Legge n. 20/91 260 $aMilano :$bA. Giuffrè,$c1997 300 $a171 p. ;$c24 cm. 490 0 $aDiritto ed economia dell'assicurazione.$aQuaderni ;$v5 650 4$aCompagnie di assicurazione$xControllo$xLegislazione 907 $a.b11579882$b01-03-17$c02-07-02 912 $a991001895599707536 945 $aLE027 CM-XV/A 12$g1$iLE027-534$lle027$o-$pE0.00$q-$rl$s-$t0$u0$v0$w0$x0$y.i11787351$z02-07-02 996 $aDisciplina delle partecipazioni societarie nel settore assicurativo dopo le modifiche della Legge n. 20$9896100 997 $aUNISALENTO 998 $ale027$b01-01-00$cm$da$e-$fita$git$h3$i1